000 00317nam a22001337a 4500
008 171004b xxu||||| |||| 00| 0 eng d
020 _a088706695-X
041 _aeng
080 _a159.9
100 _a48
101 _aPSI
245 _aMYTHOS AND LOGOS IN THE THOUGHT OF CARL JUNG
_cSHELBURNE,W.A
942 _2udc
_cBK
999 _c31782
_d31782